| 000 | 00644nam a2200181 i 4500 | ||
|---|---|---|---|
| 001 | 39576 | ||
| 003 | ES-MaACL | ||
| 005 | 20231221152301.0 | ||
| 007 | t| | ||
| 008 | 030303s1893 sp ||||1| spa d | ||
| 100 | 1 |
_aCanalejas, José, _d1854-1912 _934382 |
|
| 245 | 1 | 0 |
_aConcepto jurídico de las instituciones militares _b: conferencia pronunciada en el Centro del Ejército y de la Armada el 27 de febrero de 1893 / _cJosé Canalejas y Méndez. |
| 260 |
_aMadrid : _b[s.n.], _c1893. |
||
| 300 | _a1 v. | ||
| 710 | 2 |
_aCentro del Ejército y de la Armada (Madrid) _9137469 |
|
| 852 |
_aES-MaACL _j1633-F-8 |
||
| 999 |
_c39576 _d39576 |
||